000 00311nam a2200145Ia 4500
100 _aMohammed Amees
650 _aElectrical Engineering
942 _cBK
654 _aelectricians
245 _aElectricians trade theory
260 _bUzair pub
082 _a621.3
_bSHA
546 _aENGLISH
999 _c18604
_d18604